| 000 | 01390cad a22002535a 4500 | ||
|---|---|---|---|
| 001 | L142961 | ||
| 008 | 080326e20080325xxk f 000 0 eng d | ||
| 035 | _a(Sirsi) u142961 | ||
| 041 | 0 | _aeng | |
| 050 | 0 | 4 | _a333.72 $2 18 |
| 110 | 2 |
_aTown and Country Planning Association _93022 |
|
| 245 | 0 | 0 |
_aSustainable water management _beco-towns water cycle worksheet _h[electronic resource] |
| 260 |
_aLondon _bTCPA _c2008 |
||
| 520 | _aRecommends a set of key points and processes to be used in the planning of water resource management for eco-towns. Identifies an opportunity for creative water supply planning. Gives an overview and details on relevant policies, regulations and case studies. Makes recommendations regarding planning for flood risk management, sustainable drainage, water efficiency and quality guidelines. | ||
| 521 | 2 | _aAdvanced | |
| 590 | _aKA NTK | ||
| 651 | 4 |
_aUnited Kingdom _y |
|
| 690 | _aENVIRONMENTAL AND LAND CONSULTANCY-SUSTAINABILITY-SUSTAINABLE DEVELOPMENT | ||
| 690 | _aENVIRONMENTAL AND LAND CONSULTANCY-PLANNING AND DEVELOPMENT-STRATEGIC PLANNING | ||
| 690 | _aENVIRONMENTAL AND LAND CONSULTANCY-WATER RESOURCE MANAGEMENT | ||
| 710 | 1 |
_aUnited Kingdom _bDepartment for Communities and Local Government _94939 |
|
| 856 | 4 | 0 |
_uhttps://www.tcpa.org.uk/pages/sustainability-worksheets.html _zView the item free of charge at www.tcpa.org.uk... |
| 942 | _n0 | ||
| 999 |
_c108026 _d108026 |
||